Quizzes
Events
Quiz Creation
Community
Videos
Private Events
Remove Ads
Sign In
Join for FREE
Feedback
Dark Mode
Quiz Categories
Sports
Geography
Music
Movies
Television
Just For Fun
Miscellaneous
History
Literature
Language
Science
Gaming
Entertainment
Religion
Holiday
For Kids
Quiz Lab
Recent
Popular Today
Quiz Kudos Today
Editor Picks
Curator Picks
Quizzes by...
Day
Popularity
Type
Ratings
Length
Year
Community
Subscriptions
Recent Discussions
Orange Saloon
Badges
Playlists
Quests
Create
Leaderboards
Showdown
Live 5
Trivia Bingo
Activity
Puzzle Library
Sporcle Events
Private Events
Virtual Trivia
Globe League
Become a Host
Pub Owners
SporcleCon
Opinionation
Our Games
Videos
Blog
Mobile Apps
Partnerships
Remove Ads and Go Orange
Feedback
Movies
Disney
Marvel Cinematic Universe
Movie Resume
Movie Titles
Oscar
Actor
Actress
Director
Pixar
Role
Movie Quotes
Movie Characters
Box Office
Nominee
Best Picture
Star Wars
James Bond
Horror Movies
Movies
Disney
Marvel Cinematic Universe
Movie Resume
Movie Titles
Oscar
Actor
Actress
Director
Pixar
Role
Movie Quotes
Movie Characters
Box Office
Nominee
Best Picture
Star Wars
James Bond
Horror Movies
Random Quiz
Search Sporcle
×
Quiz Lab
Quiz Lab
Movies
In Other Words
Type in answers that appear in a list
Type in answers that appear in a list
Classic
Best Score? Go Orange.
Movies... In Other Words Stats
Can you name the Movies... In Other Words
By
HahnSolo
8m
50 Questions
108 Plays
108 Plays
108 Plays
Comments
Comments
Give Quiz Kudos
Give Quiz Kudos
-
- Ratings
hide this ad
More Info
Replay
Link that replays current quiz
Next Quiz
Link to next quiz in quiz playlist
You Got
0%
They Got
Avg Score
38%
Avg Friend Score
Upgrade to see
Score Distribution
Jump to the score distribution portion of the page
Score
0/50
Timer
08:00
0
Plays Today
New Title
Original Title
% Correct
Cab Operator
Taxi Driver
81.5%
Crooning in the Precipitation
Singing in the Rain
75%
Tragedy Submerges April 15, 1912
Titanic
70.4%
Mandibles
Jaws
69.4%
One Less Than A Baker's Dozen of Exacerbated Homo Sapiens
12 Angry Men
67.6%
The Brunch Bunch
The Breakfast Club
65.7%
A Tale not in the East Part of Town
West Side Story
63.9%
A Cable Car Called Covetousness
A Streetcar Named Desire
62%
Larry of Persia
Lawrence of Arabia
60.2%
The Capital of Tennessee
Nashville
59.3%
Departed with the Zephyr
Gone with the Wind
58.3%
Dizziness
Vertigo
54.6%
The Alumnus
The Graduate
51.9%
Armageddon Sooner than Later
Apocalypse Now
50.9%
An Epic in the City of Brotherly Love
Philadelphia Story
50.9%
A Plaything's Narrative
Toy Story
50%
The Second Largest Continent's Female Monarch
The African Queen
50%
Perform the Correct Action
Do The Right Thing
48.1%
The Resonance of Melody
The Sound of Music
47.2%
Blancanieves and a Handful of Little People
Snow White and the Seven Dwarfs
44.4%
'Citrus-
y' gears
A Clockwork Orange
43.5%
MMI: A Galaxy Adventure
2001 A Space Odyssey
42.6%
Marauders of the Misplaced Chest
Raiders of the Lost Ark
41.7%
Paramount Firearm
Top Gun
36.1%
A Bird of Prey from a Mediterranean Island Country
The Maltese Falcon
35.2%
New Title
Original Title
% Correct
Posterior Pane
Rear Window
35.2%
The Mad Scramble for Au
The Gold Rush
34.3%
Oddlike M.D.
Dr. Strangelove
33.3%
Loony
Psycho
32.4%
Craggy
Rocky
32.4%
Witching Hour Wrangler
Midnight Cowboy
31.5%
White House
Casablanca
30.6%
Angry Bovidae
Raging Bull
29.6%
Somewhere Between 25-
35 Soldiers
Platoon
28.7%
Pack of Pugilists
Fight Club
28.7%
The Accustomed Appellants
The Usual Suspects
27.8%
Reticence of the Ovis
The Silence of the Lambs
25.9%
Trescientos
300
25.9%
Defacement in the USA
American Graffiti
25%
Enmity Among Gaseous Heavenly Bodies
Star Wars
24.1%
An Entire Group Belonging to the Most Powerful Man in the World
All the President's Men
20.4%
Those Who Are Not Absolved
Unforgiven
17.6%
337.50 Degrees
North by Northwest
16.7%
What the 5th Amendment Protects Against
Double Jeopardy
13.9%
Contemporary Epoch
Modern Times
13%
The Sportsman of Cervidae
The Deer Hunter
10.2%
The Divine Progenitor
The Godfather
10.2%
Deluxe Dudes
Goodfellas
7.4%
Lurid Prevarication
Pulp Fiction
2.8%
Vengeful Vitus Vinifera
The Grapes of Wrath
2.8%
Quiz Playlist
Details
Report
Send in Message
Add To Playlist
More Info:
The titles of original movies have been reworded. Can you figure out the original title based on the new one?
Classic:
Type in answers that appear in a list
Last Updated: Feb 16, 2017
Quiz Scoreboard
CHALLENGE
Sign Up to Join the Scoreboard
Show All
Scores
Hide
Comments
May contain spoilers
Recently Published
9x9 Crossword: Cartoon Network
by jackfrog10
Miscellaneous
3m
College Basketball Coaching Resumes
by pancakes188
Sports
9m
Billboard Blitz: Fleetwood Mac
by CooCooCachoo
Music
15s
More to Explore
Quiz From the Vault
Featured Blog Post
Where Did the Easter Bunny Come From?
hide this ad
You Might Also Like...
Tags
In Other Words
original
Today's Top Quizzes in Movies
Browse Movies
hide this ad
Today's Top Quizzes in In Other Words
Browse In Other Words
Top Contributed Quizzes in Movies
1
Pick 5 Posters: Directed by Spielberg
2
7-to-1: Pixar Characters
3
Pick 5 Posters: Lowest-Rated Spielberg
4
Sorting Actors
5
Sorting Actresses
6
Pick 5 Posters: Directed by Scorsese
7
Hidden Star Wars Character II
8
Pick 5 Posters: Star & Director
9
Hidden Star Wars Character III
10
12 Movies about Fictional 1960s Events
Explore More
Trending Topics
Disney
NBA
Crossword
Anime
Marvel
Harry Potter
Kpop
Song
The Office
NFL
WWE
Pokémon
Country
Soccer
Puzzle
hide this ad
More By:
HahnSolo
Quiz
Plays
Rating
Category
Featured
Created
Breakfast Club Quotes
364
2.00
Movies
Jun 21, 2014
Movies... In Other Words
108
2.33
Movies
Jun 22, 2014
Hollywood Identity Crisis
99
4.00
Movies
Jun 22, 2014
You Can't Handle The Truth
95
4.00
Movies
Jun 19, 2014
50 Nearly Naughty Words
93
4.67
Language
Jun 23, 2014
Go to Creator's Profile
Score Distribution
Quiz Creator Spotlight
HahnSolo
Follow
Send a Message
Quizzes Created
-
Created Quiz Play Count
-
More By This Creator
Popular Quizzes Today
1
Find the US States - No Outlines Minefield
2
Find the Countries of Europe - No Outlines Minefield
3
The Countries of the World
4
Find the US States
5
Risky Map Clicking: Biggest States A-Z
6
US States
7
Popular People in 1961
8
Movies - When Are They Set?
More Movies Quizzes
Backward Best Picture Match-Up
Published
Trending Quizzes
Risky Map Clicking: Least Populous States A-Z
1-10 Letter G Words
1-10 Letter F Words
Risky Map Clicking: Next State Alphabetically
Adjectives in 80s TV Shows
Recently Updated
Leaping Animals
pecheneg
Reality TV Shows (A-Z)
bhenderson79
Rickey Henderson's Hall of Fame Teammates
pecheneg
Champions League XIs: Arsenal
pecheneg
Quick Pick: Celebrities in WWE's Hall of Fame
aduchscher
A-Z Keypad Blitz II
pecheneg
Multiple Oscar Actors
pecheneg
Mystery Phrase Blitz: Oscar 'Best Actors'
pecheneg
F. Scott Fitzgerald Novels
LTH
Pick 3 Villains
ddd62291
Trending Topics
NBA
Harry Potter
Anime
Crossword
Kpop
Marvel
Disney
Soccer
Pokémon
Puzzle
Country
NFL
Song
The Office
WWE
Your Account Isn't Verified!
In order to create a playlist on Sporcle, you need to verify the email address you used during registration. Go to your
Sporcle Settings
to finish the process.
Report this User
Report this user for behavior that violates our
Community Guidelines
.
Details:
Send Report
Go to the Sporcle.com Mobile Site →
Comments